[Event "ICS Rated blitz match"]
[Site "204.178.125.65"]
[Date "2000.03.02"]
[Round "?"]
[White "gucio"]
[Black "Hossa"]
[Result "0-1"]
[WhiteElo "2313"]
[BlackElo "2501"]
[PlyCount "28"]

1. e4 c5 2. Nf3 Nc6 3. Bb5 e6 4. O-O Nge7 5. Nc3 Ng6 6. Bxc6 bxc6 7. e5 f6 8.
exf6 gxf6 9. h4 d5 10. d3 Rg8 11. h5 Nh8 12. Nh4 e5 13. f3 d4 14. Ne4 f5 0-1

[Event "ICS rated blitz match"]
[Site "204.178.125.65"]
[Date "2000.03.02"]
[Round "?"]
[White "Hossa"]
[Black "gucio"]
[Result "1-0"]
[WhiteElo "2509"]
[BlackElo "2305"]
[PlyCount "79"]

1. e4 c5 2. Nf3 d6 3. d4 c4 4. Bxc4 a6 5. Be3 Nf6 6. Nbd2 Bg4 7. h3 Bh5 8. O-O
e6 9. e5 dxe5 10. dxe5 Nd5 11. Bg5 Be7 12. Bxe7 Qxe7 13. Ne4 O-O 14. g4 Nb6 15.
Bd3 Bg6 16. Nd6 Nc6 17. Bxg6 hxg6 18. c4 Rfd8 19. c5 Nd5 20. h4 b6 21. Qa4 b5
22. Qe4 a5 23. Ng5 b4 24. Ndxf7 Qxf7 25. Nxf7 Kxf7 26. Rfd1 Rd7 27. Kg2 Rh8 28.
Kg3 Rh6 29. f4 Nce7 30. Qe2 Rd8 31. a4 Rdh8 32. Rh1 Kg8 33. Qa6 Kh7 34. Qxe6
Rf8 35. Rad1 Nxf4 36. Qxe7 Ne2+ 37. Kg2 Rf4 38. Rd7 Rxg4+ 39. Kf2 Rf4+ 40. Ke1
1-0

[Event "ICS rated blitz match"]
[Site "204.178.125.65"]
[Date "2000.03.02"]
[Round "?"]
[White "gucio"]
[Black "Hossa"]
[Result "0-1"]
[WhiteElo "2297"]
[BlackElo "2517"]
[PlyCount "118"]

1. e4 e5 2. Nf3 Nc6 3. Bb5 a6 4. Ba4 Nf6 5. O-O Be7 6. Re1 b5 7. Bb3 O-O 8. d3
d6 9. c3 b4 10. h3 Rb8 11. Nbd2 bxc3 12. bxc3 Na5 13. Bc2 Re8 14. Nf1 Nc6 15.
a3 Bd7 16. d4 Rb6 17. Ne3 Rb7 18. Nd5 exd4 19. Nxe7+ Qxe7 20. cxd4 Rb5 21. Bg5
h6 22. Bh4 g5 23. Bg3 Rb2 24. e5 dxe5 25. dxe5 Nh7 26. Qd3 Nf8 27. Rac1 Ra2 28.
Qxa6 Nb4 29. Qc4 Rxa3 30. Be4 Ne6 31. Rb1 c5 32. Red1 Bc6 33. Bxc6 Nxc6 34. Rd6
Ncd4 35. Nxd4 cxd4 36. Rc1 Qa7 37. Qd5 Ra1 38. Rxa1 Qxa1+ 39. Kh2 Qd1 40. Rd7
Rc8 41. Qf3 Qxf3 42. gxf3 Rc1 43. h4 h5 44. hxg5 Nxg5 45. Kg2 Ne6 46. f4 Rd1
47. f5 Ng7 48. e6 fxe6 49. f6 Nf5 50. Be5 Rd2 51. Kf3 h4 52. Bc7 h3 53. Ba5 h2
54. Kg2 Rxf2+ 55. Kxf2 h1=Q 56. f7+ Kg7 57. Bb4 Qh4+ 58. Ke2 d3+ 59. Kd1 Qg4+
0-1

[Event "ICS rated blitz match"]
[Site "204.178.125.65"]
[Date "2000.03.02"]
[Round "?"]
[White "Hossa"]
[Black "PostModernist"]
[Result "0-1"]
[WhiteElo "2515"]
[BlackElo "2555"]
[PlyCount "110"]

1. c4 e5 2. Nc3 Nc6 3. Nf3 Nf6 4. d3 Be7 5. e3 O-O 6. Be2 d5 7. cxd5 Nxd5 8.
O-O Nxc3 9. bxc3 Qd6 10. Nd2 Rd8 11. f4 Qg6 12. fxe5 Nxe5 13. d4 Bh3 14. Bf3
Nxf3+ 15. Qxf3 Be6 16. e4 b5 17. Qf4 Rd7 18. Nf3 f6 19. Nd2 Bd6 20. Qf3 Re8 21.
Rb1 c6 22. Ra1 a5 23. a4 Bc7 24. axb5 cxb5 25. Ra3 b4 26. Ra4 Rc8 27. Nb1 Rdd8
28. Bb2 Bg4 29. Qf2 Bd7 30. Ra1 Qxe4 31. cxb4 axb4 32. Nd2 Qc2 33. Rab1 Re8 34.
Ba1 Bd6 35. Rb2 Qd3 36. Nf3 Bb5 37. Rfb1 Qg6 38. Re1 Qh6 39. Rbb1 b3 40. Qb2
Rxe1+ 41. Rxe1 Bc4 42. Qf2 Bd5 43. Qe2 Qh5 44. Qa6 Rc6 45. Qa8+ Bf8 46. Qb8 Rc2
47. Qf4 Qg6 48. g3 Ra2 49. Nh4 Qc2 50. g4 g5 51. Qg3 gxh4 52. Bc3 hxg3 53. Bd2
Qxd2 54. Re2 Ra1+ 55. Re1 Rxe1# 0-1

[Event "ICS rated blitz match"]
[Site "204.178.125.65"]
[Date "2000.03.02"]
[Round "?"]
[White "gucio"]
[Black "Hossa"]
[Result "1/2-1/2"]
[WhiteElo "2272"]
[BlackElo "2501"]
[PlyCount "126"]

1. e4 e5 2. Nf3 Nc6 3. Bc4 Nf6 4. d3 Bc5 5. c3 d6 6. O-O O-O 7. Bb3 d5 8. Qe2
dxe4 9. dxe4 Bd7 10. Bg5 h6 11. Bh4 Qe7 12. Nbd2 Rfd8 13. Nc4 a5 14. a4 Rab8
15. Ne3 Bxe3 16. Qxe3 Be6 17. Bc2 Rd6 18. h3 Rd7 19. Rfe1 Rbd8 20. Red1 Rxd1+
21. Rxd1 Rxd1+ 22. Bxd1 Qd6 23. Bc2 Nh5 24. Qd2 g5 25. Bg3 Nxg3 26. fxg3 Qc5+
27. Qf2 Qxf2+ 28. Kxf2 g4 29. hxg4 Bxg4 30. Nh2 Bd7 31. Nf1 Be6 32. Ne3 Kg7 33.
Kf3 Kf6 34. g4 Kg5 35. Kg3 Nb8 36. Bd1 Nd7 37. Nf1 Nf6 38. Nd2 Bxg4 39. Bxg4
Nxg4 40. Nc4 b6 41. Kf3 f5 42. b4 Nf6 43. exf5 e4+ 44. Ke2 axb4 45. cxb4 Kxf5
46. a5 bxa5 47. bxa5 Nd5 48. a6 Nc3+ 49. Ke3 Nb5 50. Nd2 c6 51. Nxe4 Ke5 52.
Nc5 Kd5 53. Nd7 c5 54. Nf6+ Kc6 55. Ng8 Kb6 56. Nxh6 Kxa6 57. g4 Nc7 58. g5 c4
59. g6 Ne6 60. Nf5 c3 61. Nd6 Ka5 62. Kd3 Nf4+ 63. Kxc3 Nxg6 1/2-1/2

[Event "ICS rated blitz match"]
[Site "204.178.125.65"]
[Date "2000.03.02"]
[Round "?"]
[White "Hossa"]
[Black "gucio"]
[Result "1-0"]
[WhiteElo "2492"]
[BlackElo "2281"]
[PlyCount "143"]

1. d4 d5 2. c4 c6 3. Nf3 Nf6 4. Nc3 e6 5. Bg5 h6 6. Bxf6 Qxf6 7. e3 Nd7 8. Bd3
dxc4 9. Bxc4 g6 10. O-O Bg7 11. Rc1 O-O 12. Re1 Qe7 13. Qc2 b6 14. Ne4 Bb7 15.
Re2 Rfd8 16. Qd3 a6 17. Rec2 c5 18. Bb3 cxd4 19. exd4 Bxe4 20. Qxe4 Nf6 21. Qe3
Nd5 22. Bxd5 Rxd5 23. Rc7 Rd7 24. Qf4 Rxc7 25. Rxc7 Qf6 26. Qe4 Qd8 27. Qc6 Rb8
28. b3 Qe8 29. Qc4 Qb5 30. Qxb5 axb5 31. Ne5 Bxe5 32. dxe5 Ra8 33. Rc2 Rd8 34.
Kf1 Rd5 35. f4 g5 36. g3 gxf4 37. gxf4 Rd4 38. Rf2 Kg7 39. Ke2 Kg6 40. Ke3 Rd1
41. Rg2+ Kh7 42. Kf3 Rd3+ 43. Ke2 Rc3 44. Kf2 Rc2+ 45. Kf3 Rxg2 46. Kxg2 Kg6
47. Kf3 Kf5 48. a3 Kg6 49. Kg4 h5+ 50. Kf3 Kf5 51. h4 b4 52. a4 f6 53. exf6
Kxf6 54. Ke4 Kf7 55. Kd4 Kf6 56. Kc4 Kf5 57. Kxb4 Kxf4 58. Kc3 Kf3 59. b4 e5
60. a5 bxa5 61. bxa5 e4 62. a6 e3 63. a7 e2 64. a8=Q+ Kf2 65. Qf8+ Kg2 66. Kd2
Kg3 67. Kxe2 Kxh4 68. Qf4+ Kh3 69. Qf5+ Kg3 70. Qg5+ Kh3 71. Qxh5+ Kg2 72. Qh4
1-0

[Event "ICS rated blitz match"]
[Site "204.178.125.65"]
[Date "2000.03.02"]
[Round "?"]
[White "warps"]
[Black "Hossa"]
[Result "1-0"]
[WhiteElo "2496"]
[BlackElo "2499"]
[PlyCount "149"]

1. Nf3 d5 2. e3 Nf6 3. Bb5+ Bd7 4. Nc3 Bxb5 5. Nxb5 e6 6. O-O c6 7. Nbd4 Bd6 8.
d3 c5 9. Nb5 Nc6 10. c4 O-O 11. cxd5 exd5 12. Bd2 Be7 13. Qb3 Qb6 14. Rab1 Rfe8
15. Rfc1 a6 16. Nbd4 Qxb3 17. Nxb3 b6 18. Bc3 Ng4 19. h3 Nh6 20. e4 dxe4 21.
dxe4 Bf8 22. Re1 Rad8 23. Rbc1 Re6 24. Rc2 Rde8 25. e5 Nf5 26. Rd1 c4 27. Nbd2
b5 28. g4 Nfe7 29. Ng5 Rh6 30. Nde4 Ng6 31. Nd6 Bxd6 32. exd6 b4 33. Bd2 Nge5
34. Nxf7 Kxf7 35. Bxh6 gxh6 36. Kh1 Na5 37. Rd5 Nec6 38. f4 Re1+ 39. Kh2 Re4
40. f5 Rd4 41. Rd2 Rxd2+ 42. Rxd2 Nb7 43. Rd1 c3 44. bxc3 bxc3 45. Rc1 Nxd6 46.
Rxc3 Ne5 47. Rc7+ Kf8 48. Kg3 Nef7 49. Kf4 a5 50. h4 Kg7 51. Re7 Nc4 52. g5
hxg5+ 53. hxg5 Nb6 54. Kg4 Nc4 55. Kh5 Kf8 56. Rc7 Nfd6 57. f6 Kg8 58. Rg7+ Kh8
59. a4 Nf5 60. Rc7 Nfd6 61. Ra7 Nb6 62. Rxa5 Ne4 63. Re5 Nd6 64. a5 Nbc4 65. a6
Kg8 66. a7 Nb6 67. Re6 Ndc4 68. g6 hxg6+ 69. Kxg6 Kf8 70. f7 Nd6 71. Rxd6 Ke7
72. Rxb6 Kd7 73. f8=Q Kc7 74. Qd6+ Kc8 75. a8=Q# 1-0

[Event "ICS rated blitz match"]
[Site "204.178.125.65"]
[Date "2000.03.02"]
[Round "?"]
[White "Hossa"]
[Black "Zippy"]
[Result "0-1"]
[WhiteElo "2483"]
[BlackElo "2155"]
[PlyCount "136"]

1. d4 d5 2. c4 e6 3. Nc3 Be7 4. Nf3 Nf6 5. Bf4 O-O 6. e3 Bb4 7. Qb3 Nc6 8. Bg5
h6 9. Bxf6 Qxf6 10. cxd5 exd5 11. Qxd5 Rd8 12. Qh5 Be6 13. Nd2 Nxd4 14. exd4
Qxd4 15. Qd1 Bxc3 16. bxc3 Qxc3 17. Rc1 Qa5 18. Bc4 Bxc4 19. Rxc4 Rd6 20. Rc2
Re8+ 21. Kf1 Qb5+ 22. Kg1 Qe2 23. Qxe2 Rxe2 24. g4 Rdxd2 25. Rxc7 Rxf2 26. a3
Rg2+ 27. Kf1 Rxg4 28. h3 Rgd4 29. Rg1 Ra2 30. Rc1 Rxa3 31. Rg4 Rd7 32. h4 f6
33. Rc8+ Kf7 34. Rgc4 Ke6 35. Ke2 g5 36. Re8+ Kd5 37. Rc2 Rf7 38. hxg5 hxg5 39.
Rd2+ Kc5 40. Rb2 a5 41. Rd8 Re7+ 42. Kf2 a4 43. Kg2 Rb3 44. Rc2+ Kb4 45. Rd6
Rf7 46. Rd4+ Ka5 47. Rd8 a3 48. Rf2 Rb2 49. Rd3 Kb4 50. Rdd2 Kc3 51. Rd1 Rxf2+
52. Kxf2 a2 53. Kf3 b5 54. Ke4 Ra7 55. Kf5 a1=Q 56. Rxa1 Rxa1 57. Ke4 b4 58.
Kd5 Re1 59. Kc5 b3 60. Kb6 b2 61. Kc7 g4 62. Kd7 g3 63. Kc7 b1=Q 64. Kc6 g2 65.
Kc7 Qh7+ 66. Kc6 Re6+ 67. Kb5 Qe4 68. Kc5 Qe5# 0-1

[Event "ICS rated blitz match"]
[Site "204.178.125.65"]
[Date "2000.03.02"]
[Round "?"]
[White "claudi"]
[Black "Hossa"]
[Result "0-1"]
[WhiteElo "2380"]
[BlackElo "2455"]
[PlyCount "68"]

1. c4 Nf6 2. Nf3 b6 3. g3 Bb7 4. Bg2 e6 5. O-O Be7 6. b3 O-O 7. Bb2 c5 8. d3 d5
9. Ne5 Re8 10. Nd2 Nc6 11. Nxc6 Bxc6 12. e3 b5 13. cxd5 exd5 14. Rc1 Qb6 15.
Qc2 Nd7 16. h4 Rac8 17. Qd1 Bf6 18. Bxf6 Nxf6 19. Qc2 Bb7 20. Qb2 Qa5 21. Rc2
b4 22. Rfc1 Rc6 23. d4 Rec8 24. dxc5 Rxc5 25. Rxc5 Rxc5 26. Rxc5 Qxc5 27. Qe5
Nd7 28. Qe8+ Nf8 29. Nf3 Qc1+ 30. Kh2 Qc7 31. Nd4 g6 32. h5 gxh5 33. Nf5 h4 34.
Nxh4 Bc6 0-1

[Event "ICS rated blitz match"]
[Site "204.178.125.65"]
[Date "2000.03.02"]
[Round "?"]
[White "Hossa"]
[Black "claudi"]
[Result "1-0"]
[WhiteElo "2468"]
[BlackElo "2367"]
[PlyCount "54"]

1. d4 Nf6 2. c4 g6 3. Nc3 Bg7 4. e4 O-O 5. f3 d6 6. Be3 c6 7. Qd2 Nbd7 8. O-O-O
a6 9. Bh6 b5 10. e5 Ne8 11. c5 Nc7 12. cxd6 exd6 13. exd6 Ne8 14. Bxg7 Kxg7 15.
d5 c5 16. Ne4 Ndf6 17. Nxc5 Nxd6 18. g4 h6 19. Kb1 h5 20. gxh5 Nxh5 21. Bd3 Qh4
22. Ne4 Rd8 23. Ne2 Nf5 24. Bc2 Bb7 25. N2g3 Nd6 26. Qc3+ Kh7 27. Nxh5 gxh5 1-0

[Event "ICS rated bullet match"]
[Site "204.178.125.65"]
[Date "2000.03.02"]
[Round "?"]
[White "BountyHunter"]
[Black "Hossa"]
[Result "0-1"]
[WhiteElo "2727"]
[BlackElo "2380"]
[PlyCount "100"]

1. e4 e5 2. Nc3 Nf6 3. f4 d5 4. fxe5 Nxe4 5. Nf3 Be7 6. d4 O-O 7. Bd3 f5 8.
exf6 Bxf6 9. O-O Nc6 10. Be3 Bf5 11. Qe1 Qd7 12. Rd1 Rae8 13. Ne5 Bxe5 14. dxe5
Rxe5 15. Nxe4 Bxe4 16. Rxf8+ Kxf8 17. Bxe4 Rxe4 18. Bc5+ Ke8 19. Qf2 Qf7 20.
Qg3 Rf4 21. Qe3+ Re4 22. Qg3 Rf4 23. Qe3+ Kd8 24. Bxa7 b6 25. Bxb6 cxb6 26.
Qxb6+ Kd7 27. Qb7+ Kd6 28. Qxf7 Rxf7 29. a3 Ne5 30. b3 Ng4 31. Re1 Re7 32. Rxe7
Kxe7 33. c3 Nf6 34. Kf2 Ne4+ 35. Ke3 Nxc3 36. Kd3 Ne4 37. b4 Ke6 38. a4 Ke5 39.
a5 Nd6 40. h4 h5 41. Ke3 Nb5 42. Kd3 Kf4 43. Ke2 Kg4 44. Kf2 Kxh4 45. Kf3 g5
46. a6 g4+ 47. Kf2 d4 48. Ke2 Kg3 49. Kd3 Kxg2 50. Kc4 Nc7 0-1

[Event "ICS rated bullet match"]
[Site "204.178.125.65"]
[Date "2000.03.02"]
[Round "?"]
[White "Hossa"]
[Black "BountyHunter"]
[Result "0-1"]
[WhiteElo "2408"]
[BlackElo "2699"]
[PlyCount "82"]

1. e4 c5 2. Nf3 d6 3. d4 cxd4 4. Nxd4 Nf6 5. Nc3 a6 6. Bg5 e6 7. f4 Be7 8. Qf3
Qc7 9. O-O-O Nbd7 10. g4 b5 11. Bxf6 Nxf6 12. g5 Nd7 13. f5 Bxg5+ 14. Kb1 Ne5
15. Qh5 Qe7 16. Nxe6 Bxe6 17. fxe6 g6 18. exf7+ Kxf7 19. Qe2 Kg7 20. Nd5 Qd8
21. Bh3 Rf8 22. Rhf1 Ra7 23. Qg2 Raf7 24. Rxf7+ Rxf7 25. Be6 Rf8 26. Qg1 Nc6
27. Qg3 b4 28. Qd3 a5 29. Rg1 h6 30. Qa6 Qa8 31. Qc4 Qa7 32. Rg2 Qd4 33. Qe2
Qxe4 34. a4 b3 35. Bf7 Rxf7 36. Nf6 Rxf6 37. Qd1 Qxg2 38. cxb3 Rf1 39. Ka2 Nb4+
40. Ka3 Rxd1 41. h4 Ra1# 0-1

[Event "ICS rated bullet match"]
[Site "204.178.125.65"]
[Date "2000.03.02"]
[Round "?"]
[White "BountyHunter"]
[Black "Hossa"]
[Result "1-0"]
[WhiteElo "2704"]
[BlackElo "2403"]
[PlyCount "123"]

1. e4 c5 2. Nf3 d6 3. d4 cxd4 4. Nxd4 Nf6 5. Nc3 a6 6. Be2 e5 7. Nb3 Be7 8. O-O
O-O 9. Be3 Be6 10. Qd2 Nbd7 11. a4 Rc8 12. a5 Qc7 13. Rfd1 Qc6 14. Bf3 Rfe8 15.
Qe1 h6 16. Nc1 Ra8 17. Nd3 b5 18. Nb4 Qb7 19. Ncd5 Nxd5 20. Nxd5 Bxd5 21. Rxd5
Nf6 22. Rdd1 Nxe4 23. Bxh6 f5 24. Be3 d5 25. c3 b4 26. Rab1 Reb8 27. Bb6 bxc3
28. Bxe4 fxe4 29. Qxc3 Bf6 30. Qc5 d4 31. Qc4+ Kh8 32. Re1 Bh4 33. Qe2 Qf7 34.
g3 Bg5 35. Qxe4 Rf8 36. Re2 Rae8 37. Rbe1 Be7 38. Qb7 Rb8 39. Qxa6 Bb4 40. Rf1
Qf3 41. Rxe5 Bd6 42. Re6 Ra8 43. Qc4 Bb8 44. Bxd4 Qf7 45. Qe2 Qf5 46. b4 Qh3
47. Re7 Rg8 48. Re4 Bf4 49. Rxf4 Rge8 50. Qc4 Kh7 51. Qf7 Rg8 52. Rf5 Ra6 53.
Rh5+ Qxh5 54. Qxh5+ Rh6 55. Qf5+ Kh8 56. a6 Rh7 57. a7 Rh6 58. Qf7 Rh7 59. Re1
Rh3 60. a8=Q Rxg3+ 61. fxg3 Rxa8 62. Qxg7# 1-0

[Event "ICS Rated blitz match"]
[Site "204.178.125.65"]
[Date "2000.03.02"]
[Round "?"]
[White "gucio"]
[Black "Hossa"]
[Result "0-1"]
[WhiteElo "2274"]
[BlackElo "2479"]
[PlyCount "118"]

1. e4 d6 2. d4 Nf6 3. Nc3 g6 4. Nf3 Bg7 5. Be2 O-O 6. O-O Bg4 7. Be3 Nc6 8. Qd2
e5 9. d5 Ne7 10. h3 Bxf3 11. Bxf3 Nd7 12. g3 f5 13. Bg2 Nb6 14. b3 fxe4 15.
Bxe4 Qd7 16. Kg2 Nf5 17. Ne2 Qf7 18. c4 Nd7 19. Rae1 Nxe3+ 20. fxe3 Nf6 21. Nc3
a6 22. a4 Rae8 23. Rf2 a5 24. Ref1 Re7 25. Bc2 Qe8 26. Ne4 Nxe4 27. Rxf8+ Bxf8
28. Bxe4 Bh6 29. Rf3 Qa8 30. Qf2 Qa6 31. g4 Bg7 32. g5 Qb6 33. Qc2 Qb4 34. Kf2
Bh8 35. Ke2 Qa3 36. Rf1 Bg7 37. Qc3 Bf8 38. Ra1 Qc5 39. Rf1 Re8 40. Qd3 Bg7 41.
h4 Qa3 42. Qc3 Re7 43. Ra1 Qc5 44. Rf1 b6 45. Qd3 Qa3 46. Qc2 Bh8 47. Bg2 Qb4
48. Bh3 Bg7 49. Be6+ Kh8 50. Kd3 c6 51. Qc3 e4+ 52. Kxe4 cxd5+ 53. Kxd5 Qc5+
54. Ke4 Rxe6+ 55. Kf3 Bxc3 56. Kg2 Rxe3 57. Rf8+ Kg7 58. Rb8 Re2+ 59. Kh1 Qc6+
0-1

[Event "ICS rated bullet match"]
[Site "204.178.125.65"]
[Date "2000.03.02"]
[Round "?"]
[White "Hossa"]
[Black "Mercury"]
[Result "0-1"]
[WhiteElo "2398"]
[BlackElo "2394"]
[PlyCount "116"]

1. d4 d6 2. c4 e5 3. Nf3 e4 4. Ng5 f5 5. Nc3 c6 6. d5 Be7 7. Ne6 Bxe6 8. dxe6
Qc8 9. Qb3 Nf6 10. e3 b6 11. a4 Qxe6 12. a5 b5 13. Ra3 a6 14. Be2 Nbd7 15. cxb5
Qxb3 16. Rxb3 axb5 17. Nxb5 cxb5 18. Rxb5 g6 19. Bd2 d5 20. Bc3 Kf7 21. b4 Rhc8
22. Kd2 Bd6 23. Rb7 Rcb8 24. Rxb8 Rxb8 25. b5 Ng4 26. Bxg4 fxg4 27. b6 Nxb6 28.
axb6 Rxb6 29. Kc1 Rc6 30. Kb2 Ke6 31. Bd4 Rc7 32. h4 Rf7 33. Rf1 g3 34. f4 exf3
35. gxf3 Be7 36. Bb6 Bxh4 37. Kc2 h5 38. e4 dxe4 39. Re1 Bg5 40. Rxe4+ Kd5 41.
Rb4 Rxf3 42. Rb5+ Kc6 43. Rxg5 Kxb6 44. Rxg6+ Kc7 45. Rh6 Rf2+ 46. Kc3 g2 47.
Rg6 h4 48. Kd3 Rf3+ 49. Ke2 Rg3 50. Rh6 g1=Q 51. Rh7+ Rg7 52. Rh8 Re7+ 53. Kd3
Qd1+ 54. Kc4 Qc2+ 55. Kb5 Re5+ 56. Kb4 Re4+ 57. Kb5 Qc6+ 58. Ka5 Qb6# 0-1

[Event "ICS rated bullet match"]
[Site "204.178.125.65"]
[Date "2000.03.02"]
[Round "?"]
[White "Mercury"]
[Black "Hossa"]
[Result "1-0"]
[WhiteElo "2410"]
[BlackElo "2382"]
[PlyCount "81"]

1. d4 d5 2. Bg5 f6 3. Bf4 Nd7 4. Nf3 g5 5. Bg3 e6 6. Nc3 h5 7. Nb5 e5 8. dxe5
h4 9. Qxd5 hxg3 10. Qe6+ Be7 11. Rd1 gxf2+ 12. Kxf2 g4 13. Qxg4 Bc5+ 14. e3 a6
15. Qg7 axb5 16. Qxh8 Kf8 17. e6 Qe7 18. exd7 Bxe3+ 19. Kg3 Bxd7 20. Rxd7 Qxd7
21. a3 Ra4 22. b4 Qd6+ 23. Kh3 Qe6+ 24. g4 f5 25. Qh5 fxg4+ 26. Qxg4 Qxg4+ 27.
Kxg4 c6 28. Bd3 Rxa3 29. h4 Nf6+ 30. Kf5 Nd5 31. Rb1 Ra4 32. Re1 Rxb4 33. Be4
Bf2 34. Re2 Nc3 35. Rxf2 Nxe4 36. Rg2 Nd6+ 37. Ke6 Nc4 38. Ng5 Ke8 39. Nf7 Kf8
40. Nh6 c5 41. Rg8# 1-0

[Event "ICS rated bullet match"]
[Site "204.178.125.65"]
[Date "2000.03.02"]
[Round "?"]
[White "Hossa"]
[Black "Mercury"]
[Result "0-1"]
[WhiteElo "2367"]
[BlackElo "2425"]
[PlyCount "98"]

1. d4 d6 2. c4 Nf6 3. Nf3 Nbd7 4. Bf4 Nb6 5. e3 Be6 6. Nbd2 Nh5 7. Bg5 h6 8.
Bh4 g5 9. d5 Bg4 10. h3 Bd7 11. Nd4 Nf6 12. Bg3 Bg7 13. Bd3 Na4 14. Bc2 Nxb2
15. Qb1 Na4 16. Bxa4 Bxa4 17. Nf5 O-O 18. h4 gxh4 19. Bxh4 a6 20. Nxh6+ Bxh6
21. Bxf6 exf6 22. Rxh6 f5 23. Qxf5 Re8 24. Rh7 Qe7 25. Qh5 Qf6 26. Rb1 Bc2 27.
Rh6 Qg7 28. Rc1 Bd3 29. Kd1 Re7 30. Qh4 Rae8 31. Nf3 Re4 32. Qh3 Rxc4 33. Rxc4
Bxc4 34. Nd4 Bxd5 35. Kc2 Bxa2 36. Kc1 b5 37. Qh2 Bc4 38. Kd2 b4 39. Kc1 b3 40.
Kd2 b2 41. Kc2 Rb8 42. Kc3 b1=Q 43. Kxc4 Qxd4+ 44. Kxd4 Qd1+ 45. Ke4 Rb4+ 46.
Kf5 Qg4+ 47. Kf6 Qe6+ 48. Kg5 Rg4+ 49. Kh5 Qf5# 0-1

[Event "ICS rated blitz match"]
[Site "204.178.125.65"]
[Date "2000.03.02"]
[Round "?"]
[White "Kob"]
[Black "Hossa"]
[Result "1/2-1/2"]
[WhiteElo "2396"]
[BlackElo "2492"]
[PlyCount "130"]

1. e4 e5 2. Nf3 Nc6 3. Bb5 a6 4. Bxc6 dxc6 5. O-O f6 6. d4 Bg4 7. dxe5 Qxd1 8.
Rxd1 fxe5 9. Rd3 Bd6 10. Bg5 Nf6 11. Nbd2 O-O 12. h3 Bh5 13. Re1 Rae8 14. Nc4
h6 15. Bh4 Bxf3 16. Rxf3 g5 17. Bg3 b5 18. Nxd6 cxd6 19. Ra3 Ra8 20. Rd3 Rad8
21. f3 Nh5 22. Bf2 Nf4 23. Rd2 Rf6 24. Red1 Kf7 25. Kf1 Rg6 26. b3 Ke7 27. c4
bxc4 28. bxc4 Rb8 29. c5 dxc5 30. Bxc5+ Kf6 31. Rd6+ Kg7 32. Rxg6+ Kxg6 33. g3
Ne6 34. Rd6 Kf7 35. Be3 Rb1+ 36. Ke2 Rb2+ 37. Rd2 Rxd2+ 38. Kxd2 c5 39. Kd3 Ke7
40. Kc4 Kd6 41. a3 Kc6 42. a4 Kd6 43. Kd3 h5 44. Kc4 Kc6 45. Kd3 h4 46. gxh4
gxh4 47. Kc4 Kd6 48. Bf2 Nd4 49. Bxd4 cxd4 50. f4 exf4 51. Kxd4 Ke6 52. Kd3 Ke5
53. a5 f3 54. Ke3 f2 55. Kxf2 Kxe4 56. Ke2 Kf4 57. Kf2 Ke4 58. Ke2 Kf4 59. Kf2
Ke4 60. Ke2 Kf4 61. Kf2 Ke4 62. Ke2 Kf4 63. Kf2 Ke4 64. Ke2 Kf4 65. Kf2 Ke4
1/2-1/2

[Event "ICS rated blitz match"]
[Site "204.178.125.65"]
[Date "2000.03.02"]
[Round "?"]
[White "Hossa"]
[Black "JudgeTurpin"]
[Result "0-1"]
[WhiteElo "2488"]
[BlackElo "2422"]
[PlyCount "113"]

1. c4 Nf6 2. Nc3 e6 3. e4 c5 4. e5 Ng8 5. Nf3 Nc6 6. d4 cxd4 7. Nxd4 Nxe5 8.
Ndb5 f6 9. Be2 b6 10. f4 a6 11. fxe5 axb5 12. exf6 Qxf6 13. Rf1 Qe7 14. Nxb5
Qc5 15. Bh5+ Kd8 16. Qd4 Ne7 17. Qxc5 bxc5 18. Nd6 Kc7 19. Nf7 Rg8 20. Bf4+ Kb6
21. Ng5 Bb7 22. Bf7 Rh8 23. Rf2 h6 24. Nh3 Rh7 25. g4 g5 26. Be5 Bg7 27. Bxg7
Rxg7 28. Bh5 Nc6 29. b3 Nd4 30. O-O-O Kc7 31. Kb2 Rgg8 32. b4 Rgf8 33. bxc5 e5
34. Re1 Rf3 35. Rxf3 Nxf3 36. Re3 Ra4 37. Kb3 Ra5 38. Re2 Rxc5 39. Rf2 e4 40.
Kb4 d6 41. Rc2 Ne5 42. a4 e3 43. Ng1 Be4 44. Rc3 Bd3 45. Rc1 Bxc4 46. Ka3 Be6
47. Rxc5+ dxc5 48. Kb2 Bxg4 49. Bxg4 Nxg4 50. Nf3 e2 51. Ne1 Nxh2 52. Kc3 g4
53. Kd2 Nf3+ 54. Kxe2 Nxe1 55. Kf2 Nd3+ 56. Ke2 c4 57. Ke3 0-1

[Event "ICS rated standard match"]
[Site "204.178.125.65"]
[Date "2000.03.02"]
[Round "?"]
[White "JudgeTurpin"]
[Black "Hossa"]
[Result "1-0"]
[WhiteElo "2408"]
[BlackElo "2181"]
[PlyCount "34"]

1. e4 e5 2. f4 exf4 3. Nf3 d6 4. d4 g5 5. h4 g4 6. Ng1 Bh6 7. Nc3 c6 8. Nge2
Qf6 9. g3 f3 10. Nf4 Nd7 11. Be3 Bxf4 12. Bxf4 Ne7 13. Qd2 b5 14. O-O-O b4 15.
Na4 b3 16. axb3 Qg6 17. h5 Qe6 1-0

[Event "ICS rated standard match"]
[Site "204.178.125.65"]
[Date "2000.03.02"]
[Round "?"]
[White "Hossa"]
[Black "JudgeTurpin"]
[Result "0-1"]
[WhiteElo "2174"]
[BlackElo "2415"]
[PlyCount "84"]

1. e4 c5 2. Nf3 d6 3. d4 cxd4 4. Nxd4 Nf6 5. Nc3 a6 6. Bg5 e6 7. f4 Be7 8. Qf3
Qc7 9. O-O-O Nbd7 10. Bd3 b5 11. Rhe1 Bb7 12. Qg3 b4 13. Nd5 exd5 14. e5 dxe5
15. fxe5 Nh5 16. e6 Nxg3 17. exf7+ Kxf7 18. Rxe7+ Kg8 19. hxg3 h6 20. Rxg7+
Kxg7 21. Ne6+ Kf7 22. Nxc7 hxg5 23. Nxa8 Rxa8 24. Rf1+ Ke7 25. Rf5 Rg8 26. Kd2
Ke6 27. Rf1 Rf8 28. Rxf8 Nxf8 29. g4 d4 30. g3 Ke5 31. Bf5 Ne6 32. Bxe6 Kxe6
33. c3 bxc3+ 34. bxc3 Ke5 35. cxd4+ Kxd4 36. Ke2 Ke4 37. a3 Bc8 38. Kd2 Kf3 39.
Kd3 Kxg3 40. Ke4 Bxg4 41. Kd4 Be2 42. Ke5 Kf3 0-1

[Event "ICS rated blitz match"]
[Site "204.178.125.65"]
[Date "2000.03.02"]
[Round "?"]
[White "PostModernist"]
[Black "Hossa"]
[Result "1-0"]
[WhiteElo "2558"]
[BlackElo "2469"]
[PlyCount "163"]

1. d4 d5 2. Nf3 Nf6 3. e3 e6 4. Bd3 c5 5. c3 Bd6 6. Nbd2 O-O 7. O-O Nc6 8. e4
cxd4 9. cxd4 Nb4 10. Bb1 Be7 11. e5 Nd7 12. a3 Nc6 13. b4 Re8 14. Qe2 a6 15.
Nb3 a5 16. b5 Na7 17. Bf4 a4 18. Nbd2 Nf8 19. Bd3 Bd7 20. Nb1 Ng6 21. Bd2 Rc8
22. g3 Ra8 23. Nc3 Nc8 24. Rfc1 Nb6 25. Be3 Rf8 26. h4 Re8 27. Ng5 Bxg5 28.
Bxg5 f6 29. exf6 gxf6 30. h5 Nh8 31. Bh4 Qe7 32. Qg4+ Qg7 33. Qf4 e5 34. Qxf6
Qxf6 35. Bxf6 Nf7 36. dxe5 Nxe5 37. Be2 Bh3 38. f4 Ned7 39. Bd4 Be6 40. Re1
Rad8 41. Bd1 Nc4 42. h6 Ndb6 43. Bxb6 Nxb6 44. Nxa4 Nc4 45. Nc5 Bc8 46. Rxe8+
Rxe8 47. Bf3 Ne3 48. Re1 Kf8 49. Kf2 d4 50. b6 Re7 51. Nb3 Nf5 52. Rc1 Be6 53.
Nc5 Bc8 54. Ne4 Bd7 55. Rc7 Nxh6 56. Rxb7 Nf7 57. Nf6 Bc8 58. Nxh7+ Ke8 59. Rb8
Nd6 60. Rxc8+ Nxc8 61. b7 Rxb7 62. Bxb7 Nd6 63. Ba6 Ne4+ 64. Kf3 Nd2+ 65. Kg4
Nb1 66. a4 Ke7 67. f5 Kf7 68. Bc4+ Kg7 69. Bd3 Kxh7 70. Bxb1 Kg7 71. Bd3 Kf6
72. a5 Ke5 73. a6 Kd6 74. a7 Kc5 75. a8=Q Kb4 76. Qb8+ Kc5 77. Kg5 Kc6 78. Kf4
Kd5 79. Qc8 Kd6 80. f6 Kd5 81. Be4+ Kd6 82. Qc6# 1-0

[Event "ICS rated blitz match"]
[Site "204.178.125.65"]
[Date "2000.03.02"]
[Round "?"]
[White "Hossa"]
[Black "PostModernist"]
[Result "0-1"]
[WhiteElo "2457"]
[BlackElo "2570"]
[PlyCount "49"]

1. d4 d5 2. c4 e6 3. Nf3 Nf6 4. Bg5 Be7 5. Nc3 h6 6. Bxf6 Bxf6 7. e4 dxe4 8.
Nxe4 Nc6 9. d5 Ne5 10. dxe6 Bxe6 11. Qb3 Nxf3+ 12. gxf3 O-O 13. Qxb7 Rb8 14.
Qxa7 Bd4 15. Qa6 Re8 16. Be2 Rxb2 17. Rd1 Bg4 18. O-O Rxe2 19. Nf6+ gxf6 20.
fxg4 Bxf2+ 21. Kh1 Qe7 22. Qc6 Qe4+ 23. Qxe4 R8xe4 24. h3 R4e3 25. Rd8+ 0-1

[Event "ICS rated bullet match"]
[Site "204.178.125.65"]
[Date "2000.03.02"]
[Round "?"]
[White "Hossa"]
[Black "Zenk"]
[Result "1/2-1/2"]
[WhiteElo "2354"]
[BlackElo "2054"]
[PlyCount "63"]

1. e4 c6 2. d4 d5 3. Nc3 dxe4 4. Nxe4 Nd7 5. Ng5 Ngf6 6. Bd3 e6 7. N1f3 Bd6 8.
O-O h6 9. Ne4 Nxe4 10. Bxe4 Qc7 11. Bd2 O-O 12. c4 b6 13. Qa4 Bb7 14. Qc2 Nf6
15. g3 Nxe4 16. Qxe4 c5 17. d5 exd5 18. cxd5 Rad8 19. Rfe1 Rfe8 20. Qf5 Bc8 21.
Qh5 Bb7 22. Rad1 Qd7 23. Rxe8+ Rxe8 24. b3 Re4 25. Be3 Qe7 26. Re1 Qf6 27. Kg2
Re7 28. Rd1 Re4 29. Re1 Re7 30. Rd1 Re4 31. Re1 Re7 32. Rd1 1/2-1/2

[Event "ICS rated blitz match"]
[Site "204.178.125.65"]
[Date "2000.03.02"]
[Round "?"]
[White "joejan"]
[Black "Hossa"]
[Result "0-1"]
[WhiteElo "2206"]
[BlackElo "2446"]
[PlyCount "68"]

1. e4 c5 2. Nc3 Nc6 3. f4 g6 4. Nf3 Bg7 5. Bc4 e6 6. f5 Nge7 7. fxe6 fxe6 8. a3
d5 9. Ba2 O-O 10. O-O d4 11. Ne2 d3 12. Ng3 dxc2 13. Qxc2 Nd4 14. Qd3 Nxf3+ 15.
Rxf3 Qxd3 16. Rxd3 Nc6 17. Rf3 Rxf3 18. gxf3 Ne5 19. Kg2 Nd3 20. Rb1 b6 21. Bc4
Nxc1 22. Rxc1 Bxb2 23. Rd1 Bxa3 24. d4 cxd4 25. Rxd4 Be7 26. e5 Rb8 27. Ne4 b5
28. Ba2 a5 29. Nd6 Bxd6 30. Rxd6 Kf7 31. Rc6 Ke7 32. Rc7+ Bd7 33. Ra7 a4 34.
Kf2 Rc8 0-1